Možnosti a limity rozvoja demokratických štruktúr v islamskom prostredí postsovietskej Strednej Ázie

Historické skúsenosti stredoázijského islamu. Islam ako neoddeliteľná súčasť postsovietskej Strednej Ázie. Charakter a stav demokracie v Strednej Ázii (Kirgizsko, Kazachstan, Uzbekistan, Tadžikistan, Turkménsko). Príčiny zlyhania procesu demokratizácie. Umiernený islamizmus ako potenciál rozvoja reg...

Ausführliche Beschreibung

Gespeichert in:
Bibliographische Detailangaben
1. Verfasser: Čech, Ľubomír, 1955-
Format: Buchkapitel
Sprache:Slowakisch
Schlagworte:
Tags: Tag hinzufügen
Keine Tags, Fügen Sie das erste Tag hinzu!

MARC

LEADER 00000naa a2200000 4500
001 0258535
005 20240502074107.0
041 0 |a slo 
044 |a SK 
245 1 0 |a Možnosti a limity rozvoja demokratických štruktúr v islamskom prostredí postsovietskej Strednej Ázie  |c Ľubomír Čech 
520 |a Historické skúsenosti stredoázijského islamu. Islam ako neoddeliteľná súčasť postsovietskej Strednej Ázie. Charakter a stav demokracie v Strednej Ázii (Kirgizsko, Kazachstan, Uzbekistan, Tadžikistan, Turkménsko). Príčiny zlyhania procesu demokratizácie. Umiernený islamizmus ako potenciál rozvoja regiónu. 
610 2 0 |a stredná Ázia 
610 2 0 |a islam 
610 2 0 |a práva ľudské 
610 2 0 |a identita 
610 2 0 |a národ 
610 2 0 |a demokratizácia 
610 2 0 |a politológia 
100 1 |a Čech, Ľubomír, 1955-